[Event "62.HEM 2008, Gruppe D"]
[Site "Hanau"]
[Date "2008.03.22"]
[Round "3.1"]
[White "Libuda, Thomas"]
[Black "Kellerwessel, Ralf"]
[Result "1-0"]
[WhiteElo "1984"]
[BlackElo "1693"]
[PlyCount "109"]
[EventDate "2008.??.??"]

1. d4 e6 2. Nf3 Nf6 3. e3 b6 4. Bd3 Bb7 5. Nbd2 Be7 6. O-O O-O 7. c3 d6 8. b4
Nbd7 9. Qb3 e5 10. e4 Re8 11. Ng5 d5 12. Ndf3 h6 13. dxe5 hxg5 14. exf6 Nxf6
15. Nxg5 Nxe4 16. Nxf7 Kxf7 17. Bxe4 Bxb4 18. Bf3 Bc5 19. Bb2 c6 20. Rad1 Qh4
21. Qc2 Re7 22. Qf5+ Qf6 23. Qh7 Ke6 24. Bc1 Kd6 25. Qh3 Kc7 26. c4 Rd8 27.
cxd5 cxd5 28. Qg4 Bc8 29. Qa4 Kb8 30. Bf4+ Bd6 31. Rxd5 Bb7 32. Rxd6 Rxd6 33.
Rd1 Bxf3 34. gxf3 Ree6 35. Qb4 Kc7 36. Kf1 a5 37. Qc4+ Kb7 38. Bxd6 Rxd6 39.
Rxd6 Qxd6 40. Qf7+ Qc7 41. Qxc7+ Kxc7 42. Ke2 Kd6 43. Kd3 Kd5 44. h4 b5 45. h5
Ke5 46. f4+ Kd5 47. f3 b4 48. f5 Ke5 49. Kc4 Kxf5 50. Kb5 Kf4 51. Kxa5 Kxf3 52.
h6 gxh6 53. Kxb4 Ke4 54. Kc5 Ke5 55. a4 1-0

[Event "62.HEM 2008, Gruppe D"]
[Site "Hanau"]
[Date "2008.03.22"]
[Round "3.2"]
[White "Ruell, Michael"]
[Black "Graefe, Heiko"]
[Result "0-1"]
[WhiteElo "1840"]
[BlackElo "1936"]
[PlyCount "72"]
[EventDate "2008.??.??"]

1. e4 d6 2. Nf3 g6 3. g3 Nf6 4. d3 Bg7 5. Bg2 e5 6. a4 c6 7. Na3 Nbd7 8. O-O
O-O 9. Re1 Qc7 10. Nc4 b6 11. Bd2 Nc5 12. Qc1 Ne6 13. Bh6 Ng4 14. Bxg7 Kxg7 15.
h3 Nh6 16. Nh4 f6 17. f4 Bb7 18. Ne3 Rad8 19. f5 Ng5 20. Rf1 d5 21. Nf3 Nxf3+
22. Bxf3 Rd7 23. fxg6 hxg6 24. Bg4 Re7 25. Qd1 d4 26. Nc4 Nxg4 27. Qxg4 Bc8 28.
Qh4 Ref7 29. g4 Qe7 30. Rf3 Be6 31. Qg3 b5 32. axb5 cxb5 33. Na5 Qb4 34. Nc6
Qc5 35. Ra6 Bc8 36. b4 Qd6 0-1

[Event "62.HEM 2008, Gruppe D"]
[Site "Hanau"]
[Date "2008.03.22"]
[Round "3.3"]
[White "Schneider, Udo"]
[Black "Taskor, Erkan"]
[Result "0-1"]
[WhiteElo "1854"]
[BlackElo "1597"]
[PlyCount "100"]
[EventDate "2008.??.??"]

1. c4 Nf6 2. Nc3 e6 3. Nf3 d5 4. e3 c6 5. Be2 Bd6 6. d4 O-O 7. c5 Bc7 8. b4
Nbd7 9. a4 Qe7 10. b5 e5 11. a5 Re8 12. O-O h6 13. Ba3 Bxa5 14. Qb3 Bxc3 15.
Qxc3 Ne4 16. Qb4 Ng5 17. Nxg5 Qxg5 18. f4 exf4 19. exf4 Qf6 20. Bd3 Re3 21. Qd2
Re8 22. Rae1 Rxe1 23. Rxe1 Qd8 24. Re3 Nf6 25. h3 Bd7 26. g4 Kf8 27. Bb4 Qc7
28. b6 Qb8 29. Qf2 a5 30. Bd2 a4 31. Qh4 Qd8 32. g5 Ng8 33. Qh5 a3 34. gxh6
Nxh6 35. Rg3 Qf6 36. Qe5 Qxe5 37. fxe5 Nf5 38. Bxf5 Bxf5 39. Rf3 a2 40. Bc3
a1=Q+ 41. Bxa1 Rxa1+ 42. Rf1 Rxf1+ 43. Kxf1 Bxh3+ 44. Kf2 Ke7 45. Kg3 Bf5 46.
Kf4 Ke6 47. Kg5 f6+ 48. exf6 gxf6+ 49. Kf4 Be4 50. Ke3 Kf5 0-1

[Event "62.HEM 2008, Gruppe D"]
[Site "Hanau"]
[Date "2008.03.22"]
[Round "3.4"]
[White "Heckwolf, Thomas"]
[Black "Blosze, Winfried"]
[Result "1-0"]
[WhiteElo "1513"]
[BlackElo "1906"]
[PlyCount "55"]
[EventDate "2008.??.??"]

1. e4 Nf6 2. Nc3 d5 3. exd5 Nxd5 4. Bc4 Nb6 5. Bb3 Nc6 6. a3 e5 7. d3 Bd6 8.
Nge2 O-O 9. O-O Kh8 10. f4 Bg4 11. Qe1 f5 12. Qg3 Qf6 13. Be3 Rae8 14. Rf2 Nd4
15. Re1 Nxe2+ 16. Nxe2 exf4 17. Bxf4 Bc5 18. c3 Bxf2+ 19. Qxf2 Qe7 20. Bd1 Nd5
21. Bd2 Ne3 22. Bb3 f4 23. Nxf4 Qd6 24. Bxe3 Rf6 25. Qd2 Rxe3 26. Qxe3 g5 27.
Nd5 Re6 28. Qd4+ 1-0

[Event "62.HEM 2008, Gruppe D"]
[Site "Hanau"]
[Date "2008.03.22"]
[Round "3.5"]
[White "Wilhelm, Holger"]
[Black "Goldschmidt, Andreas"]
[Result "1-0"]
[WhiteElo "1878"]
[BlackElo "1563"]
[PlyCount "119"]
[EventDate "2008.??.??"]

1. d4 d5 2. c4 e6 3. Nc3 Nf6 4. Nf3 Be7 5. Bg5 O-O 6. e3 h6 7. Bh4 b6 8. cxd5
Nxd5 9. Nxd5 exd5 10. Bxe7 Qxe7 11. Qb3 Be6 12. Rc1 c5 13. Qa3 Rc8 14. Bd3 Qb7
15. dxc5 bxc5 16. Rxc5 Rxc5 17. Qxc5 Qxb2 18. Qb5 Qxb5 19. Bxb5 Nd7 20. Nd4 Rb8
21. O-O Nc5 22. Rc1 Ne4 23. f3 Nd6 24. Bd3 Rb2 25. Rc6 Rb6 26. Rc7 Rb7 27. Rc3
Kf8 28. Ra3 Nc4 29. Bxc4 dxc4 30. Nxe6+ fxe6 31. Ra6 Rb6 32. Rxa7 Rc6 33. Rb7
c3 34. Rb1 c2 35. Rc1 Ke7 36. Kf2 e5 37. Ke2 g5 38. Kd2 Rd6+ 39. Kxc2 Rc6+ 40.
Kd2 Ra6 41. Rc2 Ra3 42. e4 h5 43. Kc1 g4 44. Rf2 gxf3 45. gxf3 h4 46. Kb2 Re3
47. a4 Kd6 48. Rd2+ Kc5 49. Rd5+ Kb4 50. a5 Rxf3 51. Rxe5 Ra3 52. Rh5 Rxa5 53.
Rxa5 Kxa5 54. Kc3 Kb6 55. Kd4 Kc6 56. Ke5 Kd7 57. Kf6 Ke8 58. Ke6 h3 59. e5 Kf8
60. Kd7 1-0

[Event "62.HEM 2008, Gruppe D"]
[Site "Hanau"]
[Date "2008.03.22"]
[Round "3.6"]
[White "Falkenhainer, Sven"]
[Black "Minor, Dieter"]
[Result "0-1"]
[WhiteElo "1654"]
[BlackElo "1866"]
[PlyCount "130"]
[EventDate "2008.??.??"]

1. Nf3 d5 2. d4 Nf6 3. g3 Bg4 4. Bg2 e6 5. O-O Bd6 6. Bg5 h6 7. Bxf6 gxf6 8.
Nbd2 Nd7 9. c4 c6 10. c5 Bc7 11. Qc2 f5 12. b4 a6 13. a4 Rc8 14. Rab1 f4 15.
Qc3 Nf6 16. e3 Bf5 17. Rb2 Ne4 18. Nxe4 dxe4 19. Nh4 f3 20. Bh1 Qd5 21. Nxf5
exf5 22. Rd1 h5 23. Qb3 Rd8 24. Qxd5 Rxd5 25. b5 axb5 26. axb5 Kd7 27. bxc6+
bxc6 28. Ra1 h4 29. Ra7 Rc8 30. Rba2 Rb8 31. Ra1 hxg3 32. hxg3 f6 33. Ra8 Kc8
34. R1a6 Rxa8 35. Rxa8+ Bb8 36. Ra6 Kb7 37. Rb6+ Kc7 38. Rb1 Rd8 39. Rd1 Ba7
40. Ra1 Bb8 41. Rd1 Rd7 42. Kf1 Kc8 43. Ke1 Ra7 44. Kd2 Ra2+ 45. Ke1 Rb2 46.
Ra1 Kb7 47. Kf1 Bc7 48. Ke1 Rb5 49. Kf1 Ba5 50. Kg1 Ka6 51. Kh2 Rb2 52. Rf1 Kb5
53. Kh3 Re2 54. g4 Re1 55. Rxe1 Bxe1 56. Bxf3 exf3 57. Kg3 fxg4 58. Kxg4 Bxf2
59. Kxf3 Bh4 60. e4 Kc4 61. d5 Kxc5 62. dxc6 Kxc6 63. Kg4 Kd6 64. Kf5 Bg5 65.
Kg4 Ke5 0-1

[Event "62.HEM 2008, Gruppe D"]
[Site "Hanau"]
[Date "2008.03.22"]
[Round "3.7"]
[White "Wuerker, Gert"]
[Black "Wesoly, Helge"]
[Result "0-1"]
[WhiteElo "1628"]
[BlackElo "1847"]
[PlyCount "98"]
[EventDate "2008.??.??"]

1. Nf3 d5 2. c4 d4 3. e3 dxe3 4. fxe3 c5 5. Be2 Nc6 6. O-O Nf6 7. Nc3 e6 8. d4
cxd4 9. exd4 Be7 10. Kh1 O-O 11. Be3 Ng4 12. Bg1 b6 13. a3 Bb7 14. d5 exd5 15.
Nxd5 Nge5 16. Nxe7+ Qxe7 17. Qe1 Rad8 18. Nxe5 Nxe5 19. Bf3 Bxf3 20. Rxf3 Rfe8
21. Re3 f6 22. Rd1 Rxd1 23. Qxd1 Rd8 24. Qe2 Qd7 25. Rc3 Qd1 26. Qxd1 Rxd1 27.
h3 Nd3 28. b3 Nf4 29. Rc2 Rb1 30. b4 Ra1 31. Kh2 Rxa3 32. c5 bxc5 33. Bxc5 Nd3
34. Bd6 Ra6 35. Bb8 Nxb4 36. Rc8+ Kf7 37. Rc7+ Kg6 38. Bxa7 Nd5 39. Rd7 Nf4 40.
Be3 Ne6 41. h4 h5 42. g3 Ra3 43. Bf2 Ra5 44. Rd3 Kf5 45. Kh3 g5 46. Rf3+ Kg6
47. g4 Nf4+ 48. Kg3 Ne2+ 49. Kh3 hxg4+ 0-1

[Event "62.HEM 2008, Gruppe D"]
[Site "Hanau"]
[Date "2008.03.22"]
[Round "3.8"]
[White "Reichel, Guenther"]
[Black "Kempf, Alexander"]
[Result "1-0"]
[WhiteElo "1635"]
[BlackElo "1829"]
[PlyCount "47"]
[EventDate "2008.??.??"]

1. c4 c5 2. Nc3 Nf6 3. g3 g6 4. Bg2 Bg7 5. Nf3 Nc6 6. O-O O-O 7. d3 d5 8. cxd5
Nxd5 9. Bd2 h6 10. Qc1 Kh7 11. Nxd5 Be6 12. Ne3 Rc8 13. Bc3 Nd4 14. Qd2 b5 15.
Nc2 Bg4 16. Ncxd4 b4 17. Ne6 Bxe6 18. Bxg7 Kxg7 19. b3 Qb6 20. Rfc1 Rfd8 21.
Rc2 c4 22. bxc4 Bxc4 23. Bh3 Rc7 24. Qf4 1-0

[Event "62.HEM 2008, Gruppe D"]
[Site "Hanau"]
[Date "2008.03.22"]
[Round "3.9"]
[White "Lotte, Stephan"]
[Black "Zarges, Peter"]
[Result "1/2-1/2"]
[WhiteElo "1603"]
[BlackElo "1796"]
[PlyCount "46"]
[EventDate "2008.??.??"]

1. f4 d5 2. Nf3 Nc6 3. e3 Bg4 4. Bb5 Qd6 5. O-O O-O-O 6. Bxc6 Qxc6 7. Ne5 Bxd1
8. Nxc6 Rd6 9. Nxe7+ Bxe7 10. Rxd1 f5 11. d3 g5 12. Nc3 c6 13. Bd2 Rg6 14. Ne2
Nh6 15. Rf1 Rf8 16. g3 Ng4 17. Rae1 Rh6 18. Nd4 Rxh2 19. Nf3 Rh5 20. Kg2 gxf4
21. exf4 Bd6 22. Rh1 Rxh1 23. Rxh1 Kd7 1/2-1/2

[Event "62.HEM 2008, Gruppe D"]
[Site "Hanau"]
[Date "2008.03.22"]
[Round "3.10"]
[White "Will, Patrick"]
[Black "Kohlmeyer, Klaus"]
[Result "1/2-1/2"]
[WhiteElo "1679"]
[BlackElo "1525"]
[PlyCount "92"]
[EventDate "2008.??.??"]

1. d4 Nf6 2. Bf4 d5 3. e3 Bf5 4. Nf3 e6 5. c4 Bd6 6. Bg3 O-O 7. Nc3 c6 8. Qb3
Bxg3 9. hxg3 Qc7 10. Rc1 Qb6 11. Qa3 Nbd7 12. Be2 Ne4 13. O-O Ndf6 14. Rfd1
Rfc8 15. Ne5 Qd8 16. b4 Nxc3 17. Qxc3 Ne4 18. Qb2 f6 19. Nd3 dxc4 20. Rxc4 Nd6
21. Rcc1 Bxd3 22. Bxd3 f5 23. Rc5 Qf6 24. Rdc1 Re8 25. b5 cxb5 26. Bxb5 Rec8
27. Rxc8+ Rxc8 28. Rxc8+ Nxc8 29. Bd7 Nb6 30. Bb5 Qe7 31. Bd3 Nd5 32. Qb3 Qb4
33. Bxf5 Kf7 34. Bd3 Qe1+ 35. Bf1 b6 36. Qa4 a5 37. Qc2 Nc3 38. g4 b5 39. g3 h6
40. Kg2 a4 41. Bd3 b4 42. Bc4 Qb1 43. Qd2 Qd1 44. Qb2 Qb1 45. Qd2 Qa1 46. Qc2
Qb1 1/2-1/2

[Event "62.HEM 2008, Gruppe D"]
[Site "Hanau"]
[Date "2008.03.22"]
[Round "3.11"]
[White "Hastenrath, Teja"]
[Black "Gottlieb, Herbert"]
[Result "1-0"]
[WhiteElo "1620"]
[BlackElo "1678"]
[PlyCount "47"]
[EventDate "2008.??.??"]

1. d4 Nf6 2. c4 e5 3. dxe5 Ng4 4. Nf3 Nc6 5. Bf4 Bb4+ 6. Nbd2 Qe7 7. a3 Ngxe5
8. Nxe5 Nxe5 9. e3 Bxd2+ 10. Qxd2 d6 11. Be2 O-O 12. O-O Ng6 13. Bg3 Be6 14.
Rac1 a5 15. Bd3 Ne5 16. Be2 b6 17. f4 Nc6 18. f5 Bc8 19. f6 gxf6 20. Bh4 Re8
21. e4 Bb7 22. Bxf6 Qxe4 23. Rc3 Nd4 24. Rg3+ 1-0

[Event "62.HEM 2008, Gruppe D"]
[Site "Hanau"]
[Date "2008.03.22"]
[Round "3.12"]
[White "Staggat, Rolf"]
[Black "Abel, Fabian"]
[Result "0-1"]
[WhiteElo "1661"]
[BlackElo "1633"]
[PlyCount "80"]
[EventDate "2008.??.??"]

1. e4 c5 2. Nf3 d6 3. d4 cxd4 4. Nxd4 g6 5. Nc3 Bg7 6. Be3 Nf6 7. Qd2 Nc6 8.
O-O-O Ng4 9. Nxc6 bxc6 10. Bc4 Nxe3 11. Qxe3 O-O 12. h4 h5 13. Ne2 Qb6 14. Qxb6
axb6 15. Nd4 b5 16. Bb3 Bb7 17. c3 c5 18. Nxb5 Bxe4 19. Rde1 Bh6+ 20. Kd1 Bxg2
21. Rhg1 Bf3+ 22. Kc2 Rab8 23. Nc7 Rbc8 24. Rxe7 Rxc7 25. Rxc7 Be4+ 26. Kd1
Bf3+ 27. Ke1 Re8+ 28. Kf1 c4 29. Ba4 Be2+ 30. Kg2 Re4 31. f3 Rxh4 32. Kf2 Bd3
33. Bc6 Rh2+ 34. Kg3 Rxb2 35. Bd5 Be3 36. Bxf7+ Kf8 37. Rh1 Bf2+ 38. Kf4 Rb5
39. Bxg6 Bxg6 40. Rc8+ Ke7 0-1

[Event "62.HEM 2008, Gruppe D"]
[Site "Hanau"]
[Date "2008.03.22"]
[Round "3.13"]
[White "Kuehn, Thomas"]
[Black "Didicher, Dietmar"]
[Result "1-0"]
[WhiteElo "1926"]
[BlackElo "1612"]
[PlyCount "105"]
[EventDate "2008.??.??"]

1. Nf3 e6 2. c4 Nf6 3. b3 b6 4. g3 Bb7 5. Bg2 Be7 6. Bb2 O-O 7. O-O d6 8. d4
Nbd7 9. Nc3 a6 10. Qc2 d5 11. Ne5 Rb8 12. cxd5 exd5 13. Qf5 c6 14. Rac1 g6 15.
Qd3 Re8 16. f4 Nf8 17. Na4 Rc8 18. Bh3 Ne6 19. Qe3 Ne4 20. Bxe6 fxe6 21. Nc3
Nd6 22. g4 Bf6 23. Ba3 Nf7 24. Na4 Be7 25. Bxe7 Rxe7 26. Rf3 Rec7 27. Nxb6 Rb8
28. f5 Ng5 29. fxg6 Nxf3+ 30. Nxf3 Qf6 31. gxh7+ Kxh7 32. Ng5+ Kh8 33. Rf1 Qg7
34. Rf3 Re7 35. Rh3+ Kg8 36. Nxe6 Qg6 37. Qf4 Rbe8 38. Rh6 Qb1+ 39. Kf2 Rf7 40.
Rh8+ Kxh8 41. Qxf7 Rxe6 42. Qxe6 Qh7 43. Qe8+ Qg8 44. Qxg8+ Kxg8 45. b4 a5 46.
bxa5 Ba6 47. e3 Kf7 48. Kg3 Kg6 49. Kf4 Be2 50. Na4 Bc4 51. a3 Bd3 52. Nc5 Be2
53. a6 1-0

[Event "62.HEM 2008, Gruppe D"]
[Site "Hanau"]
[Date "2008.03.22"]
[Round "3.14"]
[White "Riha, Peter"]
[Black "Launert, Martin"]
[Result "0-1"]
[WhiteElo "1827"]
[BlackElo "1569"]
[PlyCount "76"]
[EventDate "2008.??.??"]

1. d4 d5 2. c4 c6 3. Nf3 Nf6 4. Nc3 a6 5. a4 dxc4 6. e4 Bg4 7. e5 Nd5 8. Bxc4
e6 9. h3 Bh5 10. Be2 Nd7 11. Nxd5 cxd5 12. Bd2 Be7 13. a5 Rc8 14. O-O O-O 15.
Qb3 Qc7 16. Rfc1 Qb8 17. Qd1 Rxc1 18. Rxc1 Rc8 19. Rxc8+ Qxc8 20. Qb3 Nb8 21.
Kf1 Nc6 22. Qc2 Qd7 23. Qa4 Nxe5 24. Qb3 Nc6 25. Bc3 Qc7 26. Ne5 Bxe2+ 27. Kxe2
Na7 28. Qa4 Nb5 29. Kd2 Bg5+ 30. Kd3 Bd8 31. g3 f6 32. Nf3 Kf7 33. Bd2 Nd6 34.
b4 Qc4+ 35. Ke3 Nf5+ 36. Kf4 Qc7+ 37. Kg4 Nh6+ 38. Bxh6 f5+ 0-1

[Event "62.HEM 2008, Gruppe D"]
[Site "Hanau"]
[Date "2008.03.22"]
[Round "3.15"]
[White "Rondio, Thomas"]
[Black "Guth, Susanne"]
[Result "1-0"]
[WhiteElo "1696"]
[BlackElo "1568"]
[PlyCount "39"]
[EventDate "2008.??.??"]

1. e4 c6 2. d4 d5 3. Nc3 dxe4 4. Nxe4 Bf5 5. Ng3 Bg6 6. h4 h6 7. Nf3 Nf6 8. h5
Bh7 9. Bd3 Bxd3 10. Qxd3 e6 11. Be3 Qa5+ 12. Bd2 Qa6 13. Qb3 Nbd7 14. O-O-O Be7
15. Rhe1 O-O 16. Ne5 Rac8 17. Ng6 Rfe8 18. Nxe7+ Rxe7 19. Nf5 Ree8 20. Nd6 1-0

[Event "62.HEM 2008, Gruppe D"]
[Site "Hanau"]
[Date "2008.03.22"]
[Round "3.16"]
[White "Minarsch, Hans"]
[Black "Lauer, David"]
[Result "0-1"]
[WhiteElo "1617"]
[BlackElo "1655"]
[PlyCount "132"]
[EventDate "2008.??.??"]

1. Nf3 Nf6 2. d4 g6 3. Nc3 d5 4. e3 Bg7 5. Bd3 O-O 6. h3 c6 7. Bd2 Nbd7 8. Ne2
b5 9. a4 Qb6 10. axb5 cxb5 11. Ba5 Qc6 12. Bb4 Re8 13. Nc3 Ba6 14. Ra5 Rab8 15.
Qe2 e6 16. O-O Rec8 17. Rfa1 Rb6 18. Bc5 Nxc5 19. dxc5 b4 20. cxb6 Bxd3 21.
Qxd3 axb6 22. Ra7 bxc3 23. b3 Ne4 24. Nd4 Qc5 25. Ra8 Be5 26. Rxc8+ Qxc8 27.
Qa6 Qc5 28. Qa8+ Kg7 29. Qc6 Bxd4 30. Qxc5 Bxc5 31. Kf1 e5 32. Ke2 d4 33. Ra4
b5 34. Ra5 Nd6 35. Ra6 Kf6 36. b4 Bxb4 37. exd4 exd4 38. Kd3 Ke5 39. f4+ Kd5
40. Ra8 h5 41. Rd8 Bc5 42. g4 hxg4 43. hxg4 Kc6 44. Rh8 Kd7 45. Rh1 Nc4 46. f5
gxf5 47. gxf5 f6 48. Ke4 Kd6 49. Ra1 Bb6 50. Ra8 Ne3 51. Rf8 Nxc2 52. Rxf6+ Kc5
53. Rxb6 Ne3 54. Rxb5+ Kxb5 55. f6 c2 56. f7 c1=Q 57. f8=Q Nc2 58. Qb8+ Ka4 59.
Qa7+ Kb3 60. Qb6+ Ka2 61. Qe6+ Kb1 62. Qb3+ Qb2 63. Qxb2+ Kxb2 64. Kd3 Kb3 65.
Kd2 Nb4 66. Kc1 Kc3 0-1

[Event "62.HEM 2008, Gruppe D"]
[Site "Hanau"]
[Date "2008.03.22"]
[Round "3.17"]
[White "Fischer, Stefan"]
[Black "Medvedovski, Michael"]
[Result "0-1"]
[WhiteElo "1604"]
[BlackElo "1648"]
[PlyCount "136"]
[EventDate "2008.??.??"]

1. c4 e6 2. Nc3 d5 3. d4 c5 4. cxd5 exd5 5. Nf3 Nc6 6. g3 Nf6 7. Bg2 Be7 8. O-O
O-O 9. h3 Ne4 10. dxc5 Nxc3 11. bxc3 Qa5 12. Qb3 Bxc5 13. Bb2 Be6 14. Qc2 f6
15. Nd4 Bxd4 16. cxd4 Rac8 17. Qb3 Rc7 18. Rfc1 Rd7 19. Rc5 Qb4 20. Qxb4 Nxb4
21. a3 Nc6 22. Rac1 Rc8 23. Kh2 Rdd8 24. g4 Ne7 25. Rc7 Rxc7 26. Rxc7 Rd7 27.
Rxd7 Bxd7 28. f3 g5 29. Kg3 Ng6 30. e3 Kf7 31. Bf1 h6 32. Bd3 Bc6 33. Bc1 a5
34. Bd2 b6 35. Kg2 Ne7 36. Kg3 Nc8 37. h4 Nd6 38. hxg5 hxg5 39. Kf2 Ke6 40. Bc1
b5 41. Ke2 Nc4 42. Bf5+ Kf7 43. Bd3 Ke7 44. Bf5 b4 45. axb4 axb4 46. f4 b3 47.
Bd2 Bd7 48. Bb4+ Kd8 49. Bb1 Bxg4+ 50. Kf2 gxf4 51. exf4 Bd1 52. Ke1 Bc2 53.
Bxc2 bxc2 54. Bd2 Kd7 55. f5 Kc6 56. Ke2 Kb5 57. Kd3 Nxd2 58. Kxd2 Kc4 59. Kxc2
Kxd4 60. Kd2 Ke4 61. Ke2 Kxf5 62. Kf3 d4 63. Kf2 Ke4 64. Ke2 f5 65. Kd2 f4 66.
Ke2 d3+ 67. Kd2 f3 68. Kd1 f2 0-1

[Event "62.HEM 2008, Gruppe D"]
[Site "Hanau"]
[Date "2008.03.22"]
[Round "3.18"]
[White "Jordake, Michael"]
[Black "Riedl, Janis"]
[Result "1-0"]
[WhiteElo "1640"]
[BlackElo "1543"]
[PlyCount "85"]
[EventDate "2008.??.??"]

1. e4 c6 2. d4 d5 3. Nc3 g6 4. Bd3 dxe4 5. Bxe4 Nf6 6. Bf3 Bg7 7. Be3 O-O 8.
Qd2 Bf5 9. Nge2 Nbd7 10. h3 e5 11. g4 Be6 12. O-O-O Qa5 13. Kb1 Rfd8 14. g5 Ne8
15. h4 Nb6 16. b3 c5 17. d5 Bf5 18. Qc1 Nd6 19. Bd2 Qa6 20. Ng3 Bd7 21. h5 Nb5
22. Nxb5 Qxb5 23. Bc3 a5 24. hxg6 fxg6 25. Qb2 Re8 26. a4 Nxa4 27. bxa4 Qxa4
28. Ne4 c4 29. Nf6+ Bxf6 30. gxf6 Bf5 31. f7+ Kxf7 32. Rxh7+ Kf6 33. Qb6+ Re6
34. Rf7+ Kxf7 35. dxe6+ Kg8 36. Rd8+ Rxd8 37. Qxd8+ Kh7 38. Qe7+ Kh6 39. Bd2+
g5 40. Qxg5+ Kh7 41. Qxf5+ Kg8 42. Qf7+ Kh8 43. Qf8+ 1-0

[Event "62.HEM 2008, Gruppe D"]
[Site "Hanau"]
[Date "2008.03.22"]
[Round "3.19"]
[White "Sohl, Thies"]
[Black "Storch, Dominik"]
[Result "1-0"]
[WhiteElo "1620"]
[BlackElo "1508"]
[PlyCount "41"]
[EventDate "2008.??.??"]

1. e4 d5 2. exd5 Nf6 3. d4 Bg4 4. Be2 Bxe2 5. Nxe2 Qxd5 6. O-O e6 7. Re1 Nc6 8.
Nbc3 Qf5 9. Ng3 Qg6 10. Nce2 h5 11. Nf4 Qh7 12. c3 O-O-O 13. Nh3 e5 14. Qb3
exd4 15. Ng5 Qg8 16. Nxf7 Na5 17. Qe6+ Nd7 18. Nxd8 Bd6 19. Nf7 Nc6 20. Nxh8
Qxh8 21. Qe8+ 1-0

[Event "62.HEM 2008, Gruppe D"]
[Site "Hanau"]
[Date "2008.03.22"]
[Round "3.20"]
[White "Traut, Stefan"]
[Black "Milde, Dieter"]
[Result "1/2-1/2"]
[WhiteElo "1526"]
[BlackElo "1600"]
[PlyCount "119"]
[EventDate "2008.??.??"]

1. d4 Nf6 2. Nf3 e6 3. g3 d5 4. c4 c6 5. Qc2 Bd6 6. Bg2 Nbd7 7. O-O O-O 8. Nbd2
Rb8 9. e4 dxe4 10. Nxe4 Nxe4 11. Qxe4 Nf6 12. Qe2 Re8 13. Re1 c5 14. dxc5 Bxc5
15. Bf4 Ra8 16. Rad1 Qb6 17. Ne5 h6 18. b3 g5 19. Be3 Bxe3 20. Qxe3 Qxe3 21.
Rxe3 Rb8 22. Red3 Re7 23. Rd8+ Kg7 24. c5 Rc7 25. b4 a5 26. a3 axb4 27. axb4
Ra8 28. R8d4 Ra2 29. R4d2 Ra4 30. Rb2 Ra3 31. h3 Nd5 32. Bxd5 exd5 33. Rxd5
Bxh3 34. Kh2 Be6 35. Rd3 Ra1 36. f3 f6 37. Ng4 h5 38. Ne3 Bd7 39. Nd5 Bb5 40.
Nxc7 Bxd3 41. Rd2 Bf5 42. Rb2 g4 43. Kg2 Ra3 44. fxg4 hxg4 45. Re2 Bd3 46. Ne6+
Kh6 47. Re1 Ra2+ 48. Kg1 f5 49. Nd8 Be4 50. Nf7+ Kg6 51. Nd6 Rg2+ 52. Kf1 Rxg3
53. Nxe4 fxe4 54. Rxe4 Kf6 55. Kf2 Rf3+ 56. Kg2 Kf5 57. Re7 Rb3 58. Rxb7 Rb2+
59. Kg3 Rb3+ 60. Kg2 1/2-1/2

[Event "62.HEM 2008, Gruppe D"]
[Site "Hanau"]
[Date "2008.03.22"]
[Round "3.21"]
[White "Leibold, Mathias"]
[Black "Boldt, Kai-Ulrich"]
[Result "0-1"]
[WhiteElo "1597"]
[BlackElo "1558"]
[PlyCount "120"]
[EventDate "2008.??.??"]

1. e4 c5 2. c4 d6 3. Nc3 Nf6 4. d3 e6 5. Be2 Be7 6. b3 a6 7. Nf3 Bd7 8. Bb2 Qc7
9. O-O Bc6 10. Qd2 O-O 11. Ne1 Nbd7 12. f4 b5 13. Rf3 bxc4 14. Rg3 Rab8 15.
dxc4 Rfd8 16. Qe3 Bf8 17. Bf3 a5 18. Ne2 a4 19. Rb1 axb3 20. axb3 Qb7 21. Bxf6
Nxf6 22. Nc3 Ne8 23. h4 Ra8 24. f5 exf5 25. Nd5 Bxd5 26. exd5 Nf6 27. Qg5 Ne4
28. Bxe4 fxe4 29. Nc2 Qe7 30. Qg4 Qe5 31. Ne3 h5 32. Qh3 Ra1 33. Rxa1 Qxa1+ 34.
Kh2 Qe5 35. Kg1 Ra8 36. Nf5 Ra1+ 37. Kh2 Qf4 38. b4 cxb4 39. Nd4 Rb1 40. Ne2
Qe5 41. Qc8 Rb2 42. Ng1 b3 43. Qb8 Rb1 44. c5 Qxd5 45. c6 Qxc6 46. Rxb3 Rxb3
47. Qxb3 d5 48. Ne2 Bd6+ 49. g3 Be5 50. Kg2 Qc4 51. Qd1 g6 52. Ng1 Qd3 53. Qe1
Bc3 54. Qe2 Qxe2+ 55. Nxe2 d4 56. Kf2 Kf8 57. Nf4 Ba5 58. Nd5 Kg7 59. Ke2 f5
60. Nf4 d3+ 0-1

[Event "62.HEM 2008, Gruppe D"]
[Site "Hanau"]
[Date "2008.03.22"]
[Round "3.22"]
[White "Will, Dominik"]
[Black "Mainka, Walter"]
[Result "1-0"]
[WhiteElo "1585"]
[BlackElo "1540"]
[PlyCount "99"]
[EventDate "2008.??.??"]

1. c4 c5 2. Nc3 e6 3. g3 Nc6 4. Bg2 Nf6 5. e4 Ne5 6. d3 a6 7. Nge2 Be7 8. O-O
O-O 9. a3 d6 10. Rb1 Bd7 11. b4 b6 12. f4 Nc6 13. b5 axb5 14. cxb5 Nd4 15. e5
Nd5 16. Nxd5 exd5 17. Nxd4 cxd4 18. Qb3 Rc8 19. Bd2 Rc5 20. a4 Bg4 21. Bb4 Rc8
22. Rbc1 Rxc1 23. Rxc1 dxe5 24. fxe5 Bxb4 25. Qxb4 Qg5 26. Re1 Be6 27. Qxd4 Qd2
28. Rf1 Qa2 29. Qxb6 Qxa4 30. Rc1 Qa3 31. Qe3 d4 32. Qd2 g6 33. Rb1 Rb8 34. Be4
Kg7 35. Qb4 Qa2 36. Qb2 Qa4 37. b6 f5 38. exf6+ Kxf6 39. b7 Kg7 40. Ra1 Qd7 41.
Ra8 Qd8 42. Rxb8 Qxb8 43. Qxd4+ Kh6 44. Qb6 Bh3 45. Qa5 Qf8 46. Qd2+ g5 47. Qf2
Qd6 48. b8=Q Qxb8 49. Qf6+ Kh5 50. Qf7+ 1-0

[Event "62.HEM 2008, Gruppe D"]
[Site "Hanau"]
[Date "2008.03.22"]
[Round "3.23"]
[White "Georgi, Florian"]
[Black "Brueckner, Ewald"]
[Result "1-0"]
[WhiteElo "1533"]
[BlackElo "1581"]
[PlyCount "49"]
[EventDate "2008.??.??"]

1. e4 b6 2. Bc4 Bb7 3. Nc3 e6 4. d3 Bb4 5. Bd2 Qf6 6. a3 Bxc3 7. Bxc3 Qg6 8.
Qf3 Ne7 9. Ne2 O-O 10. h4 f5 11. exf5 Bxf3 12. fxg6 Bxe2 13. gxh7+ Kxh7 14.
Kxe2 d5 15. Bb3 Nd7 16. Rae1 e5 17. Kf1 Nf5 18. Kg1 d4 19. Bd2 Rf6 20. Bd5 Re8
21. Bg5 Rg6 22. g4 Nh6 23. Be4 Nxg4 24. h5 Nxf2 25. hxg6+ 1-0

[Event "62.HEM 2008, Gruppe D"]
[Site "Hanau"]
[Date "2008.03.22"]
[Round "3.24"]
[White "Ahrend, Bodo"]
[Black "Hahn, Florian"]
[Result "1/2-1/2"]
[WhiteElo "1580"]
[BlackElo "1530"]
[PlyCount "112"]
[EventDate "2008.??.??"]

1. e4 c5 2. Nf3 d6 3. d4 cxd4 4. Nxd4 Nf6 5. Nc3 a6 6. Be2 e5 7. Nf3 Be7 8. O-O
O-O 9. Bg5 Be6 10. Bxf6 Bxf6 11. Nd5 Bxd5 12. Qxd5 Qc7 13. c3 Nc6 14. Rad1 Rfd8
15. a3 Rac8 16. Nd2 b5 17. Bg4 Rb8 18. Rfe1 a5 19. Rc1 Bg5 20. Rc2 Nd4 21. cxd4
Qxc2 22. Nf3 Bf6 23. b4 axb4 24. axb4 exd4 25. Nxd4 Qc3 26. Rd1 Bxd4 27. Qxd4
Qxd4 28. Rxd4 Ra8 29. g3 Kf8 30. Be2 Rab8 31. Rd5 Re8 32. f3 Rb6 33. Kf2 Re5
34. Rd4 Ke8 35. f4 Re7 36. Kf3 f6 37. Rd5 Reb7 38. Bd3 h6 39. h4 Ke7 40. Bf1
Rc7 41. Kg4 Rc1 42. Bd3 Rd1 43. Kh5 Rc6 44. Bxb5 Rxd5+ 45. exd5 Rb6 46. Bc6
Rxb4 47. Kg6 Kf8 48. Kf5 Kf7 49. h5 Rb3 50. g4 Rg3 51. Bd7 Re3 52. Be6+ Ke7 53.
Kg6 Rxe6 54. dxe6 Kxe6 55. Kxg7 d5 56. g5 fxg5 1/2-1/2

[Event "62.HEM 2008, Gruppe D"]
[Site "Hanau"]
[Date "2008.03.22"]
[Round "3.25"]
[White "Mueller, Klaus"]
[Black "Voellinger, Florian"]
[Result "1/2-1/2"]
[WhiteElo "1569"]
[BlackElo "1516"]
[PlyCount "62"]
[EventDate "2008.??.??"]

1. d4 d5 2. Nf3 e6 3. Bf4 Nf6 4. e3 Nbd7 5. Be2 c5 6. c3 Qb6 7. Qb3 c4 8. Qxb6
axb6 9. h3 b5 10. O-O b4 11. cxb4 Bxb4 12. Nfd2 b5 13. Nc3 Ba6 14. a4 Bxc3 15.
bxc3 O-O 16. Rfb1 bxa4 17. Ra3 Bc8 18. Bf3 Ra6 19. Rb4 Nb6 20. Bd1 Bd7 21. Bd6
Rfa8 22. Bc2 Bc6 23. Nf3 Nc8 24. Bh2 Nd7 25. Ne5 Nxe5 26. Bxe5 f6 27. Bh2 Rb6
28. Rxb6 Nxb6 29. Bd6 Nd7 30. Ra1 e5 31. Kf1 Ra6 1/2-1/2

[Event "62.HEM 2008, Gruppe D"]
[Site "Hanau"]
[Date "2008.03.22"]
[Round "3.26"]
[White "Hofmann, Thomas"]
[Black "Ackermann, Robert"]
[Result "1-0"]
[WhiteElo "1567"]
[BlackElo "1521"]
[PlyCount "63"]
[EventDate "2008.??.??"]

1. e4 e6 2. d4 d5 3. e5 c5 4. c3 Nc6 5. Nf3 cxd4 6. cxd4 Qb6 7. a3 Nge7 8. b4
a6 9. Be2 Bd7 10. O-O Ng6 11. Nc3 Be7 12. Be3 O-O 13. Rc1 Qd8 14. Ne1 f6 15. f4
fxe5 16. fxe5 Nh4 17. Rxf8+ Qxf8 18. Nf3 Nf5 19. Qd2 Nxe3 20. Qxe3 Qd8 21. Rf1
b5 22. Bd3 a5 23. Nxb5 axb4 24. axb4 Nxb4 25. Nd6 Ra3 26. Bxh7+ Kxh7 27. Qxa3
Bxd6 28. exd6 Nc6 29. Qd3+ g6 30. Ne5 Be8 31. Qh3+ Kg7 32. Nxc6 1-0